[Event "Sao Paulo"]
[Site "Sao Paulo"]
[Date "1973.??.??"]
[Round "8"]
[White "Ivkov, Borislav"]
[Black "Segal, Alexandru Sorin"]
[Result "1/2-1/2"]
[WhiteElo "2520"]
[BlackElo "2340"]

1.Nf3 d5 2.c4 d4 3.g3 Nf6 4.Bg2 c5 5.b4 cxb4 6.a3 b3 7.O-O Nc6 8.d3 e5 9.Nbd2 Bd6
10.Qxb3 O-O 11.Ne1 Qe7 12.Nc2 Nd7 13.Nb4 Nc5 14.Qc2 Bd7 15.Nd5 Qd8 16.Nb3 Rb8
17.Rb1 Qc8 18.Bd2 Ne7 19.Nxc5 Bxc5 20.Nxe7+ Bxe7 21.Bb4 Re8 22.Rfc1 Bc6 23.Bxe7 Rxe7
24.Qd2 Bxg2 25.Kxg2 Qc6+ 26.Kg1 Rbe8 27.Qa5 b6 28.Qb5 Qe6 29.c5 bxc5 30.Qxc5 h5
31.Rb2 h4 32.Qc6 hxg3 33.hxg3 Qxc6 34.Rxc6 Rd8 35.f3 Rd5 36.a4 f5 37.Rb5 Rxb5
38.axb5 Kf7 39.Kf2 Rb7 40.Rc5 Kf6 41.f4 Re7 42.Rd5 g6 43.fxe5+ Rxe5 44.Rxd4 Rxb5
45.Rd6+ Kg5 46.Ra6 Rb7 47.d4 Re7 48.Kf3 Kh5 49.Ra5 Kg5 50.g4 Re4 51.e3 Rxg4
52.Rxa7 Kf6 53.Ra6+ Ke7 54.d5 Kd7 55.Rb6 Kc7  1/2-1/2

[Event "Sochi"]
[Site "Sochi"]
[Date "1973.??.??"]
[Round "10"]
[White "Timman, Jan H"]
[Black "Spassky, Boris V"]
[Result "0-1"]
[WhiteElo "2480"]
[BlackElo "2660"]

1.Nf3 d5 2.c4 e6 3.g3 Nf6 4.Bg2 Be7 5.O-O O-O 6.b3 c5 7.e3 Nc6 8.Bb2 b6 9.Nc3 dxc4
10.bxc4 Bb7 11.Qe2 Qc7 12.d3 Rad8 13.Rad1 a6 14.Ng5 Na7 15.f4 Bxg2 16.Kxg2 b5
17.Kg1 b4 18.Nb1 Nc6 19.Nd2 a5 20.g4 Qd7 21.Nde4 Nxe4 22.dxe4 Qc7 23.Nf3 a4
24.g5 Rxd1 25.Rxd1 Rd8 26.h4 Na5 27.Rxd8+ Qxd8 28.Qc2 a3 29.Ba1 f6 30.Kf2 Kf7
31.Ke2 Qb8 32.Nd2 Qb7 33.Qd3 h6 34.gxh6 gxh6 35.Kf2 Ke8 36.Qc2 Qd7 37.f5 e5
38.Ke2 Bd8 39.Qd1 Kf8 40.Qg1 Qf7 41.Kd3 Qh5 42.Qh2 Qd1 43.Bxe5 fxe5  0-1

[Event "IBM"]
[Site "Amsterdam"]
[Date "1974.??.??"]
[Round "7"]
[White "Timman, Jan H"]
[Black "Sosonko, Gennadi"]
[Result "1/2-1/2"]
[WhiteElo "2540"]
[BlackElo "2450"]

1.Nf3 d5 2.c4 e6 3.g3 Nf6 4.b3 Be7 5.Bg2 O-O 6.O-O c5 7.Bb2 Nc6 8.cxd5 exd5
9.d4 Ne4 10.Nc3 Bf6 11.Na4 cxd4 12.Nxd4 Bd7 13.e3 Rc8 14.Rc1 Qe7 15.Ne2 Bxb2
16.Nxb2 Be6 17.Nd3 Rfd8 18.Ndf4 Qf6 19.h4 h6 20.Nxe6 Qxe6 21.Nd4 Qf6 22.Qg4 Re8
23.Bxe4 dxe4 24.Rc4 Rcd8 25.Nxc6 bxc6 26.Rxe4 Rxe4 27.Qxe4 Rd2 28.Qa4 Qe7
29.Qxc6 Rxa2 30.Rd1 Qf6 31.Qxf6 gxf6 32.Kg2 Kg7 33.Rd5 a5 34.Kf3 a4 35.bxa4 Rxa4
36.g4 Ra1 37.Kf4 Rh1 38.Kg3 Rg1+ 39.Kf4 Rh1 40.h5 Rf1  1/2-1/2

[Event "HUN-ch"]
[Site "?"]
[Date "1974.??.??"]
[Round "?"]
[White "Sapi, Laszlo"]
[Black "Rajna, George"]
[Result "1-0"]
[WhiteElo "2410"]
[BlackElo "2405"]

1.Nf3 d5 2.c4 d4 3.b4 g6 4.Bb2 Bg7 5.e3 e5 6.exd4 exd4 7.d3 Ne7 8.g3 O-O
9.Bg2 Nec6 10.a3 Re8+ 11.Kf1 g5 12.Nbd2 Nd7 13.h3 Nde5 14.Nxe5 Nxe5 15.Nf3 Ng6
16.Qd2 h6 17.Kg1 Bf5 18.Kh2 Qd7 19.Rhe1 c6 20.Rac1 g4 21.hxg4 Bxg4 22.Rxe8+ Rxe8
23.Re1 Rd8 24.Kg1 Qd6 25.Nh2 Bf5 26.Be4 Bxe4 27.Rxe4 f5 28.Re1 f4 29.g4 Ne5
30.Re4 Qg6 31.Qe2 f3 32.Nxf3 Nxc4 33.Nh4 Qf6 34.Re8+ Bf8 35.Rxd8 Nxb2 36.Qe8 Nxd3
37.Qg6+ Qxg6 38.Nxg6 Kf7 39.Nxf8 Nb2 40.Nh7 d3 41.f4 Ke7 42.Rd4 b6 43.Kf2 c5
44.bxc5 bxc5 45.Re4+ Kf7 46.Ke3 Nd1+ 47.Kd2 Nf2 48.Ra4  1-0

[Event "NLD-ch Leeuwarden"]
[Site "Leeuwarden"]
[Date "1974.??.??"]
[Round "7"]
[White "Langeweg, Kick"]
[Black "Sosonko, Gennadi"]
[Result "1/2-1/2"]
[WhiteElo "2390"]
[BlackElo "2450"]

1.Nf3 d5 2.c4 d4 3.d3 g6 4.g3 Bg7 5.Bg2 Nf6 6.O-O O-O 7.b4 c5 8.Nbd2 cxb4
9.a3 bxa3 10.Bxa3 Nc6 11.Qb3 h6 12.Rfb1 Rb8 13.Ne1 Bg4 14.Qd1 Qd7 15.Ra2 Bh3
16.Bh1 Rbc8 17.Qa4 h5 18.Nb3 Ng4 19.Nc5 Qf5 20.Ne4 h4 21.Rxb7 hxg3 22.hxg3 Qh5
23.Bxe7 Rfe8 24.Bh4 Qf5 25.Nf3 Nce5 26.Nxd4 Qh5 27.Nf3 Nxc4 28.dxc4 Rxe4
29.Qd7 Rf8 30.Ng5 Nxf2 31.Nxh3 Nxh3+ 32.Qxh3 Rxe2 33.Rxe2 Qxe2 34.Qg2 Qe3+
35.Qf2 Qc1+ 36.Kh2 g5 37.Bd5 gxh4 38.Bxf7+ Kh8 39.gxh4 Qxc4  1/2-1/2

[Event "Lublin"]
[Site "Lublin"]
[Date "1974.??.??"]
[Round "8"]
[White "Szymczak, Zbigniew"]
[Black "Grabczewski, Romuald"]
[Result "1/2-1/2"]
[WhiteElo "2200"]
[BlackElo "2425"]

1.Nf3 d5 2.c4 e6 3.g3 Nf6 4.Bg2 c5 5.O-O Nc6 6.cxd5 exd5 7.d4 Be7 8.Nc3 O-O
9.b3 Ne4 10.Bb2 Bf6 11.Na4 b6 12.Rc1 Be6 13.dxc5 Bxb2 14.Nxb2 bxc5  1/2-1/2

[Event "Lublin"]
[Site "Lublin"]
[Date "1974.??.??"]
[Round "8"]
[White "Anikaev, Yuri N"]
[Black "Sydor, Andrzej"]
[Result "1/2-1/2"]
[WhiteElo "2455"]
[BlackElo "2395"]

1.Nf3 d5 2.c4 c6 3.d4 Nf6 4.Nc3 e6 5.g3 dxc4 6.Bg2 b5 7.O-O Bb7 8.Qc2 Nbd7
9.Rd1 Be7 10.e4 a6 11.Bf4 h6 12.h3 Qb6 13.Be3  1/2-1/2

[Event "FRG-ch"]
[Site "Menden"]
[Date "1974.??.??"]
[Round "?"]
[White "Feustel, Bernd"]
[Black "Hund, Gerhard"]
[Result "1-0"]
[WhiteElo "2200"]
[BlackElo "2200"]

1.Nf3 d5 2.c4 c6 3.b3 Bf5 4.g3 Nf6 5.Bg2 g6 6.Bb2 Bg7 7.O-O O-O 8.d3 Qc8
9.Re1 Bh3 10.Bh1 Rd8 11.Nbd2 Na6 12.a3 h6 13.b4 Nc7 14.Rc1 Qe6 15.Nb3 dxc4
16.Nc5 Qc8 17.Rxc4 Ne6 18.Qc1 g5 19.a4 Nxc5 20.Rxc5 Qe6 21.b5 cxb5 22.Nd4 Qa2
23.Bxb7 Nd7 24.Rxb5 Qxa4 25.Bxa8 Rxa8 26.Qc6 Nb6 27.Ra1 Qxa1+ 28.Bxa1 Rc8
29.Qxc8+ Bxc8 30.Ra5 a6 31.Nc6 Bf8 32.Nb8 e6 33.Nxa6 Nd5 34.e4 Bxa6 35.Rxa6 Nb4
36.Ra8 Nxd3 37.Bf6 Nc5 38.Be7 Nd7 39.Rd8  1-0

[Event "FRG-ch"]
[Site "Menden"]
[Date "1974.??.??"]
[Round "?"]
[White "Feustel, Bernd"]
[Black "Giesen, Dieter"]
[Result "1/2-1/2"]
[WhiteElo "2200"]
[BlackElo "2200"]

1.Nf3 d5 2.c4 c6 3.b3 Nf6 4.g3 Bf5 5.Bg2 e6 6.O-O Be7 7.d3 h6 8.Bb2 O-O 9.Nbd2 a5
10.a3 Qb6 11.h3 Rd8 12.g4 Bh7 13.Be5 Nfd7 14.Bg3 Bf6 15.Rb1 e5 16.b4 e4 17.Ne1 Ne5
18.c5 Qa6 19.d4 Nc4 20.Nxc4 Qxc4 21.e3 axb4 22.Rxb4 Qc3 23.Rb3 Qa5 24.Nc2 Rd7
25.Qb1 Qa7 26.Rc1 Na6 27.Bf1 Re8 28.Ne1 Bd8 29.Rc2 f5 30.Rcb2 Ree7 31.Be2 g5
32.Bd6 Rf7 33.gxf5 Bxf5 34.Bh5 Rh7 35.Nf3 Bf6 36.Be8 Rdg7 37.Bxc6 bxc6 38.Rb8+ Nxb8
39.Rxb8+ Kf7 40.Rb7+ Kg6 41.Rxa7  1/2-1/2

[Event "FRG-ch"]
[Site "Menden"]
[Date "1974.??.??"]
[Round "?"]
[White "Feustel, Bernd"]
[Black "Putzbach, Gerd"]
[Result "0-1"]
[WhiteElo "2200"]
[BlackElo "2200"]

1.Nf3 d5 2.c4 e6 3.b3 Nf6 4.g3 Be7 5.Bg2 O-O 6.O-O c5 7.Bb2 Nc6 8.cxd5 Nxd5
9.Na3 Bd7 10.d3 Bf6 11.Qd2 Qe7 12.Nc4 Bxb2 13.Qxb2 f6 14.Rac1 Rfd8 15.Rfd1 Rac8
16.e4 Nc7 17.d4 cxd4 18.Nxd4 Nxd4 19.Qxd4 Nb5 20.Qb2 e5 21.Ne3 Nd4 22.Nd5 Qf7
23.Rxc8 Rxc8 24.Qa3 Qh5 25.Ne7+ Kf7 26.Rxd4 exd4 27.Nxc8 Qd1+ 28.Bf1 Bh3
29.Qe7+ Kg6 30.Qe8+ Kh6 31.Qb5 Bxc8 32.Qe2 Qa1 33.Kg2 Bd7 34.f3 Bc6 35.Qd2+ g5
36.Bd3 Kg7 37.h3 h5 38.e5 Qc3 39.exf6+ Kxf6 40.Qxc3 dxc3 41.Kf2 h4 42.g4 Bb5
43.Be4 Ke5  0-1

[Event "Nice olm fin-A"]
[Site "Nice"]
[Date "1974.??.??"]
[Round "1"]
[White "Reshevsky, Samuel Herman"]
[Black "Pfleger, Helmut"]
[Result "1/2-1/2"]
[WhiteElo "2550"]
[BlackElo "2535"]

1.Nf3 d5 2.c4 d4 3.d3 g6 4.e3 dxe3 5.Bxe3 Bg7 6.Qd2 Nc6 7.d4 Bg4 8.d5 Bxf3
9.gxf3 Ne5 10.Be2 Nf6 11.Bd4 Ned7 12.Nc3 c5 13.Be3 O-O 14.f4 Ne8 15.h4 Nd6
16.h5 a6 17.Kf1 Rb8 18.hxg6 hxg6 19.f5 Nxf5 20.Bf4 Ne5 21.Bd3 e6 22.Qe2 Re8
23.Rd1  1/2-1/2

[Event "Nice olm fin-B"]
[Site "Nice"]
[Date "1974.??.??"]
[Round "1"]
[White "Gereben, Erno"]
[Black "Kuprejanov, George"]
[Result "1/2-1/2"]
[WhiteElo "2320"]
[BlackElo "2365"]

1.Nf3 d5 2.c4 Nf6 3.cxd5 Nxd5 4.Nc3 Nxc3 5.bxc3 g6 6.g3 Bg7 7.Bg2 O-O 8.O-O c5
9.Bb2 Nc6 10.d3 Qc7 11.Qc2 Rb8 12.c4 e5 13.Rab1 b6 14.Bc3 h6 15.Rfe1 Be6
16.Nd2 Qd7 17.Qa4 Rbc8 18.Nf1  1/2-1/2

[Event "Nice olm fin-A"]
[Site "Nice"]
[Date "1974.??.??"]
[Round "5"]
[White "Sanguineti, Raul"]
[Black "Spassky, Boris V"]
[Result "1/2-1/2"]
[WhiteElo "2530"]
[BlackElo "2650"]

1.Nf3 d5 2.c4 e6 3.d4 Nf6 4.Nc3 Be7 5.Bg5 h6 6.Bxf6 Bxf6 7.e3 O-O 8.Rc1 c6
9.Bd3 Nd7 10.O-O dxc4 11.Bxc4 e5 12.Ne4 exd4 13.Nxf6+ Nxf6 14.Qxd4 Bg4 15.Qf4 Bxf3
16.Qxf3 Qe7 17.Rfd1 Rad8 18.h3 Rxd1+ 19.Rxd1 Rd8 20.Rxd8+ Qxd8 21.Qf5 Qe7
22.a3 Ne8 23.Bd3 Kf8 24.e4 Qg5 25.Qxg5 hxg5 26.g3 Nc7 27.Kg2 Ke7 28.f4 gxf4
29.gxf4 f5 30.e5 g6 31.h4 Ne6 32.Kf3 Ng7 33.Ke3 a5 34.Be2 Kd7 35.Bc4 Ke7
36.Kd4 b6 37.Ke3 Nh5 38.Bf1 Ng7 39.Bg2 Kd7 40.Bf3 Kc7 41.Kf2 Kd7  1/2-1/2

[Event "Nice olm fin-A"]
[Site "Nice"]
[Date "1974.??.??"]
[Round "8"]
[White "Andersson, Ulf"]
[Black "Radulov, Ivan"]
[Result "1-0"]
[WhiteElo "2580"]
[BlackElo "2490"]

1.Nf3 d5 2.c4 dxc4 3.Na3 Nf6 4.Nxc4 e6 5.g3 b6 6.Bg2 Bb7 7.O-O Be7 8.d3 O-O
9.a3 c5 10.Bd2 Nc6 11.Rb1 b5 12.Ne3 Qb6 13.b4 Nd7 14.Bc3 Rab8 15.Qd2 Nd4
16.bxc5 Nxf3+ 17.Bxf3 Nxc5 18.Be5 Rbc8 19.Bxb7 Qxb7 20.Qa5 a6 21.a4 Nd7 22.Bd4 b4
23.Nc4 Nb8 24.Qe5 Bf6 25.Qe3 Bxd4 26.Qxd4 Nc6 27.Qb6 Qd7 28.Rb2 Nd4 29.Re1 Rb8
30.Qxa6 Ra8 31.Qd6 Qxd6 32.Nxd6 Rxa4 33.Kg2 Rd8 34.Rc1 Raa8 35.Nc4 Rab8 36.e3 Nf5
37.Ne5 Ne7 38.Rc7 Re8 39.Rc4 f6 40.Nd7 Rbd8 41.Nc5 Nc6 42.d4 e5 43.Nb3 Rc8
44.d5 Ne7 45.Rxc8 Rxc8 46.e4 Rc4 47.Nd2 Rd4 48.Nb3 Rc4 49.f3 Kf7 50.Na5 Rd4
51.Kf2 Ke8 52.Nb7 f5 53.Ke3 Nc8 54.Rc2 Nb6 55.Rc6 Na4 56.Nd6+ Kd7 57.Nc4 b3
58.Nxe5+ Kd8 59.Rc1  1-0

[Event "Nice olm fin-B"]
[Site "Nice"]
[Date "1974.??.??"]
[Round "8"]
[White "Doda, Zbigniew"]
[Black "Czerniak, Moshe"]
[Result "1/2-1/2"]
[WhiteElo "2410"]
[BlackElo "2410"]

1.Nf3 d5 2.c4 e6 3.g3 Nf6 4.Bg2 Be7 5.O-O O-O 6.d4 dxc4 7.Qc2 a6 8.a4 Nc6
9.Qxc4 Qd5 10.Qd3 Rd8 11.Nc3 Qa5 12.Qc4 Qb4 13.Qxb4 Nxb4 14.Bf4 Nfd5 15.Nxd5 Nxd5
16.Bg5 f6 17.Bd2 Bd7 18.Rfc1 Bc6 19.Ne1 a5 20.Nd3 Kf7 21.Nc5 Bd6 22.b3 Ra7
23.Rc2 Ne7 24.Bxc6 Bxc5 25.Rxc5 Nxc6 26.e3 Rd5 27.Rac1 Ke7 28.Kf1 Rxc5 29.Rxc5 Kd6
30.Rh5 h6 31.Bc3 Ra6 32.Rb5 b6 33.Rh5 Ne7 34.e4 Ra8 35.Ke2 Rc8 36.Kd3 c5  1/2-1/2

[Event "Nice olm fin-A"]
[Site "Nice"]
[Date "1974.??.??"]
[Round "9"]
[White "Kestler, Hans Guenther"]
[Black "Cooper, John Grantley"]
[Result "1/2-1/2"]
[WhiteElo "2410"]
[BlackElo "2215"]

1.Nf3 d5 2.c4 e6 3.g3 Nf6 4.Bg2 Be7 5.O-O O-O 6.d4 c6 7.Nbd2 Nbd7 8.b3 b5
9.Qc2 bxc4 10.bxc4 Ba6 11.Re1 Rb8 12.cxd5 cxd5 13.Qa4 Bb5 14.Qxa7 Ra8 15.Qb7  1/2-1/2

[Event "Nice olm fin-B"]
[Site "Nice"]
[Date "1974.??.??"]
[Round "9"]
[White "Zwaig, Arne"]
[Black "Ribeiro, Joao Mario"]
[Result "0-1"]
[WhiteElo "2425"]
[BlackElo "2290"]

1.Nf3 d5 2.c4 e6 3.g3 Nf6 4.Bg2 Be7 5.O-O O-O 6.b3 b6 7.d4 c5 8.cxd5 Nxd5
9.Bb2 Bb7 10.Nbd2 Nd7 11.dxc5 Nxc5 12.Rc1 Rc8 13.a3 Nf6 14.Rc4 Qe8 15.Qb1 Bd5
16.Rd4 Qc6 17.Rh4 h6 18.Bxf6 Bxf6 19.e4 Bxb3 20.e5 Bxh4 21.Ng5 Bxg5 22.Bxc6 Bxd2
23.Bg2 a5 24.f4 Bc3 25.Rc1 Bd4+ 26.Kh1 a4 27.Re1 Rfd8 28.f5 Bc3 29.Rf1 Bxe5
30.Qe1 Bf6 31.fxe6 Nxe6 32.Qe3 Rd1 33.Rxd1 Bxd1 34.Qxb6 Bb3 35.Bc6 Rd8 36.Qa5 Rd1+
37.Kg2 Rd4 38.h4 g6 39.h5 g5 40.Be4 Kg7  0-1

[Event "Rubinstein mem"]
[Site "Polanica Zdroj"]
[Date "1974.??.??"]
[Round "14"]
[White "Doda, Zbigniew"]
[Black "Rogoff, Kenneth"]
[Result "1/2-1/2"]
[WhiteElo "2410"]
[BlackElo "2445"]

1.Nf3 d5 2.c4 c6 3.g3 Nf6 4.Bg2 Bf5 5.cxd5 cxd5 6.Qb3 Qc8 7.Nc3 e6 8.O-O Nc6
9.d3 Be7 10.Bf4 O-O 11.Rac1 Qd7 12.e4 Bg4 13.exd5 Bxf3 14.Bxf3 Nd4 15.Qd1 Nxf3+
16.Qxf3 exd5 17.Be5 Rfd8 18.Rfe1 Ne8 19.Bf4 Bf8 20.Bg5 f6 21.Bf4 Rac8 22.Ne2 Bb4
23.Rxc8 Rxc8 24.Rc1 Rxc1+ 25.Bxc1 Nc7 26.Be3 b6 27.Nd4 Bc5  1/2-1/2

[Event "CSR-ch"]
[Site "Rimavska Sobota"]
[Date "1974.??.??"]
[Round "8"]
[White "Sikora Lerch, Jan"]
[Black "Fichtl, Jiri"]
[Result "1/2-1/2"]
[WhiteElo "2200"]
[BlackElo "2380"]

1.Nf3 d5 2.c4 e6 3.g3 Nf6 4.Bg2 Be7 5.O-O O-O 6.d4 Nbd7 7.b3 b6 8.Bb2 Bb7
9.Nc3 c5 10.Ne5 Rb8 11.Nxd7 Qxd7 12.cxd5 exd5 13.Qd3 Rfd8 14.Rfd1 Qe6 15.Rd2  1/2-1/2

[Event "Sombor"]
[Site "Sombor"]
[Date "1974.??.??"]
[Round "3"]
[White "Vadasz, Laszlo"]
[Black "Raicevic, Vladimir"]
[Result "1-0"]
[WhiteElo "2460"]
[BlackElo "2490"]

1.Nf3 d5 2.c4 e6 3.g3 Nf6 4.Bg2 c5 5.O-O Nc6 6.d4 Be7 7.cxd5 exd5 8.Nc3 O-O
9.Be3 c4 10.Ne5 Be6 11.b3 Qa5 12.Nxc6 bxc6 13.Na4 cxb3 14.axb3 Qb5 15.Qc2 Nd7
16.Rfc1 Rfc8 17.Bf1 Qb4 18.Nb2 Qb6 19.Na4 Qb4 20.Nb2 Qb6 21.Qd3 g6 22.Bd2 Bf5
23.Qc3 Bf6 24.e3 c5 25.Na4 Qe6 26.Qb2 cxd4 27.exd4 Be4 28.Be3 Qf5 29.Bg2 Bxg2
30.Kxg2 h5 31.Qb1 Qe6 32.Qd3 h4 33.Nc3 Kg7 34.Qe2 Rab8 35.Qf3 Rxb3 36.Nxd5 Rxc1
37.Rxc1 h3+ 38.Kg1 Rb5 39.Nf4 Qf5 40.g4  1-0

[Event "Sombor"]
[Site "Sombor"]
[Date "1974.??.??"]
[Round "15"]
[White "Masic, Ljubomir"]
[Black "Bisguier, Arthur Bernard"]
[Result "1-0"]
[WhiteElo "2365"]
[BlackElo "2435"]

1.Nf3 d5 2.c4 c6 3.d4 e6 4.g3 Nf6 5.Bg2 Nbd7 6.O-O Be7 7.Nbd2 b5 8.b3 O-O
9.Bb2 bxc4 10.bxc4 Rb8 11.Qc2 Ba6 12.Rfb1 c5 13.Ne5 Nxe5 14.dxe5 Ne8 15.Qa4 Nc7
16.Bc3 Qe8 17.Qxe8 Rfxe8 18.Ba5 Rbc8 19.e4 d4 20.Rb3 Na8 21.Rab1 Bd8 22.Ra3 Bxa5
23.Rxa5 Rc6 24.Bf3 Rec8 25.Bd1 Nc7 26.Ba4 Rb6 27.Rxc5 Rxb1+ 28.Nxb1 Na8 29.Rxc8+ Bxc8
30.Nd2 Kf8 31.Kf1 Nb6 32.Bb5 f6 33.f4 fxe5 34.fxe5 a6 35.c5 Nd7 36.Bxd7 Bxd7
37.Nb3 Bb5+ 38.Ke1 Bc4 39.Nxd4 Bxa2 40.Kd2 Ke8 41.Kc3 Kd7 42.Kb4 Kc7 43.h4 h6
44.g4 g6 45.g5 hxg5 46.hxg5 Kb7 47.Ne2 Kc6 48.Nd4+ Kc7 49.Kc3 Kd7 50.Ne2 Bb1
51.Kd4 a5 52.Nc3 Bc2 53.Kc4 a4 54.Nb5 Bxe4 55.Nd4 Bb7 56.Kb4 Bc6 57.Ka3 Kc7
58.Nxe6+ Kc8 59.Nf4 Kd7 60.Ne2 Bf3 61.Nd4 Bd1 62.Kb4 Kc7 63.e6 Kc8 64.c6 Kd8
65.Nb5 Bg4 66.c7+ Kc8 67.e7 Bd7 68.Kxa4  1-0

[Event "URS Cup"]
[Site "Tbilisi"]
[Date "1974.??.??"]
[Round "?"]
[White "Romanishin, Oleg M"]
[Black "Korensky, Valeri S"]
[Result "1-0"]
[WhiteElo "2470"]
[BlackElo "2495"]

1.Nf3 d5 2.c4 e6 3.g3 Nf6 4.Bg2 Be7 5.O-O O-O 6.d4 Nbd7 7.Qb3 Nb6 8.Nbd2 c6
9.Qc2 Nbd7 10.e4 b6 11.b3 Bb7 12.Bb2 Rc8 13.Rad1 Qc7 14.Rfe1 Rfd8 15.Ng5 h6
16.Nh3 Qb8 17.Nf4 Qa8 18.e5 Ne8 19.Nf1 a5 20.Ne3 c5 21.Qe2 cxd4 22.Nexd5 Bc5
23.Bxd4 exd5 24.e6 Nc7 25.exd7 Rxd7 26.Bxg7 Re8 27.Qh5 Ne6 28.Bf6 Bf8 29.Qg4+ Kh7
30.Nxe6 Rxe6 31.Rxe6 fxe6 32.Be4+  1-0

[Event "URS Cup"]
[Site "Tbilisi"]
[Date "1974.??.??"]
[Round "?"]
[White "Romanishin, Oleg M"]
[Black "Korensky, Valeri S"]
[Result "1-0"]
[WhiteElo "2470"]
[BlackElo "2495"]

1.Nf3 d5 2.c4 e6 3.g3 Nf6 4.Bg2 Be7 5.O-O O-O 6.d4 Nbd7 7.Qb3 c6 8.Bf4 Nh5
9.Bd2 f5 10.Bb4 a5 11.Bxe7 Qxe7 12.Nbd2 Nhf6 13.Ne1 a4 14.Qc2 e5 15.dxe5 Nxe5
16.cxd5 Nxd5 17.Bxd5+ cxd5 18.Nd3 Nxd3 19.Qxd3 Be6 20.Nf3 f4 21.Rfc1 Rad8
22.Nd4 Rf6 23.Rc3 Rdf8 24.Nf3 Kh8 25.Rac1 Bg4 26.Qb5 d4 27.Rc7 Qe4 28.Qg5 Qg6
29.Qxg6 hxg6 30.Nxd4 fxg3 31.f3 gxh2+ 32.Kxh2 Rd6 33.R1c4 Be6 34.Rxa4 Bxa2
35.Rxb7 Bd5 36.Rbb4 g5 37.Kg3 Rc8 38.Ra5 Rc4 39.Rxd5 Rxb4 40.Rxd6 Rxb2  1-0

[Event "Trencianske Teplice"]
[Site "Trencianske Teplice"]
[Date "1974.??.??"]
[Round "2"]
[White "Banas, Jan"]
[Black "Cibulka, Vladimir"]
[Result "1-0"]
[WhiteElo "2325"]
[BlackElo "2335"]

1.Nf3 d5 2.c4 c6 3.cxd5 cxd5 4.d4 Nf6 5.Nc3 Nc6 6.Bf4 e6 7.e3 Bd6 8.Bg3 O-O
9.Bd3 Qe7 10.O-O Bxg3 11.hxg3 e5 12.dxe5 Nxe5 13.Be2 Re8 14.Rc1 Bg4 15.Qa4 Qd7
16.Qb3 Nxf3+ 17.gxf3 Be6 18.Rfd1 Rac8 19.Rd4 Qe7 20.Rcd1 Red8 21.Qa3 Rd7
22.Qxa7 b5 23.Qa5 Ra7 24.Qb4 Qb7 25.Bxb5 Qb8 26.a4 h6 27.Rh4 Rb7 28.Qd4 Rb6
29.Qd2 Qb7 30.Rd4 Qb8 31.Qe2 Kh7 32.R1d2 Rc5 33.Qd3+ g6 34.Rf4 Nh5 35.Rd4 Nf6
36.Rh4 Kg7 37.Qd4 Qc7 38.Rc2 Bf5 39.Nxd5  1-0

[Event "Trencianske Teplice"]
[Site "Trencianske Teplice"]
[Date "1974.??.??"]
[Round "13"]
[White "Banas, Jan"]
[Black "Kovacs, Laszlo M"]
[Result "1/2-1/2"]
[WhiteElo "2325"]
[BlackElo "2390"]

1.Nf3 d5 2.c4 e6 3.g3 Nf6 4.Bg2 Be7 5.O-O O-O 6.d4 Nbd7 7.Qc2 c6 8.Nbd2 b6
9.b3 Bb7 10.Bb2 Rc8 11.Rad1 Qc7 12.e4 dxe4 13.Nxe4 Nxe4 14.Qxe4 c5  1/2-1/2

[Event "Zetters"]
[Site "Birmingham"]
[Date "1975.03.28"]
[Round "2"]
[White "Webb, Simon"]
[Black "Bisguier, Arthur Bernard"]
[Result "1/2-1/2"]
[WhiteElo "2385"]
[BlackElo "2445"]

1.Nf3 d5 2.c4 e6 3.g3 Nf6 4.Bg2 Be7 5.O-O O-O 6.d4 Nbd7 7.b3 b6 8.cxd5 exd5
9.Nc3 Bb7 10.Ne5 c5 11.e3 cxd4 12.exd4 Ne4 13.Bb2 Bd6 14.Re1 Ndf6 15.f3 Nxc3
16.Bxc3 Rc8 17.Rc1 Rc7  1/2-1/2

[Event "IBM"]
[Site "Amsterdam"]
[Date "1975.??.??"]
[Round "1"]
[White "Kavalek, Lubomir"]
[Black "Raicevic, Vladimir"]
[Result "1-0"]
[WhiteElo "2555"]
[BlackElo "2440"]

1.Nf3 d5 2.c4 e6 3.g3 Nf6 4.Bg2 Be7 5.O-O O-O 6.d4 b6 7.Nc3 Bb7 8.Ne5 c6
9.e4 Nbd7 10.Nxc6 Bxc6 11.exd5 exd5 12.cxd5 Bb7 13.d6 Bxg2 14.dxe7 Qxe7 15.Kxg2 Rfe8
16.Qf3 Qb4 17.Rd1 Rac8 18.Rb1 a5 19.Bg5 a4 20.a3 Qb3 21.Rd3 Qc4 22.Rbd1 Re6
23.Bxf6 Nxf6 24.d5 Re5 25.Rd4 Qb3 26.Rb4 Qc2 27.Qd3 Qxd3 28.Rxd3 Nd7 29.Rxa4 Nc5
30.Rc4 f5 31.Rd1 Rd8 32.b4 Ne4 33.Nxe4 fxe4 34.a4 e3 35.fxe3 Rxe3 36.Rd2 Ra3
37.b5 Rd7 38.d6 Kf7 39.h4 h5 40.Rc7 Ke8 41.Rc8+ Kf7 42.Rd4 Kf6 43.Re8 Kf7
44.Re5 Ra2+ 45.Kh3 Rf2 46.Rxh5 Ke6 47.Rg5 Rf6  1-0

[Event "IBM"]
[Site "Amsterdam"]
[Date "1975.??.??"]
[Round "6"]
[White "Razuvaev, Yuri S"]
[Black "Raicevic, Vladimir"]
[Result "1/2-1/2"]
[WhiteElo "2515"]
[BlackElo "2440"]

1.Nf3 d5 2.c4 c5 3.d4 Nf6 4.Nc3 e6 5.e3 Nbd7 6.Bd3 Be7 7.O-O O-O 8.b3 b6
9.Bb2 Bb7 10.Qe2 Rc8 11.Rfd1 Qc7 12.Rac1 Qb8 13.e4 Rfd8 14.e5 Ne8 15.Qe3 Nf8
16.Ne2 a5 17.cxd5 Bxd5 18.Ng5 h6 19.Nh3 cxd4 20.Bxd4 Rxc1 21.Rxc1  1/2-1/2

[Event "IBM"]
[Site "Amsterdam"]
[Date "1975.??.??"]
[Round "6"]
[White "Hamann, Svend"]
[Black "Sosonko, Gennadi"]
[Result "1/2-1/2"]
[WhiteElo "2485"]
[BlackElo "2470"]

1.Nf3 d5 2.c4 e6 3.d4 Nf6 4.Nc3 Bb4 5.e3 O-O 6.a3 Bxc3+ 7.bxc3 c5 8.Bd3 dxc4
9.Bxc4 Qc7 10.Be2 b6 11.O-O Bb7 12.Bb2 Nbd7 13.c4 Rac8 14.Rc1 Rfd8 15.h3 Be4
16.Qb3 Qb7 17.Rfd1 Bc6 18.Ne1 Rb8 19.a4 h6 20.Bf1 a6 21.Ba3 cxd4 22.exd4 Nf8
23.Ra1  1/2-1/2

[Event "CSR-ch"]
[Site "Brno"]
[Date "1975.??.??"]
[Round "9"]
[White "Taimanov, Mark E"]
[Black "Neckar, Lubomir"]
[Result "1-0"]
[WhiteElo "2580"]
[BlackElo "2200"]

1.Nf3 d5 2.c4 c6 3.b3 Nf6 4.Bb2 e6 5.g3 Be7 6.Bg2 O-O 7.O-O Nbd7 8.Qc2 b6
9.d3 Bb7 10.e4 Rc8 11.Nbd2 Qc7 12.e5 Ne8 13.Rae1 b5 14.h4 Ba6 15.Ng5 h6 16.Nh3 Bb4
17.Bc3 Qa5 18.Bxb4 Qxb4 19.f4 Nb6 20.a3 Qc5+ 21.Kh2 bxc4 22.dxc4 Nc7 23.Qc1 Rfd8
24.Rf3 Qe7 25.c5 Nd7 26.b4 Bb5 27.Nb3 Ba4 28.Na5 Nb5 29.Qd2 Rc7 30.h5 Nb8
31.g4 Qh4 32.Rg3 Nd7 33.Bf1 f6 34.Kg2 fxe5 35.fxe5 Nf8 36.g5 Nd4 37.Bd3 hxg5
38.Nxg5 Nf5 39.Bxf5 exf5 40.Rh1  1-0

[Event "CSR-ch"]
[Site "Brno"]
[Date "1975.??.??"]
[Round "12"]
[White "Vogt, Lothar"]
[Black "Taimanov, Mark E"]
[Result "1/2-1/2"]
[WhiteElo "2450"]
[BlackElo "2580"]

1.Nf3 d5 2.c4 e6 3.g3 dxc4 4.Bg2 Nc6 5.Qa4 Bd7 6.Qxc4 Rc8 7.d4 Na5 8.Qd3 c5
9.Nc3 cxd4 10.Nxd4 Bc6 11.O-O Bxg2 12.Kxg2 Nc6 13.Be3 Bc5 14.Rfd1 Bxd4 15.Bxd4 Qxd4
16.Qxd4 Nxd4 17.Rxd4 Ke7 18.Rb4 b6 19.a4 Nf6 20.a5 Nd7 21.axb6 axb6 22.Ra7 Rc6
23.Rd4 Rd8 24.f4 f5 25.Kf2 h6 26.e4 fxe4 27.Ke3 Rd6 28.Nxe4 Rxd4 29.Kxd4 e5+
30.Ke3 exf4+  1/2-1/2

[Event "DEN-ch"]
[Site "Copenhagen"]
[Date "1975.??.??"]
[Round "6"]
[White "Iskov, Gert"]
[Black "Hamann, Svend"]
[Result "1/2-1/2"]
[WhiteElo "2410"]
[BlackElo "2485"]

1.Nf3 d5 2.c4 c6 3.d4 Nf6 4.Nc3 e6 5.Bg5 Nbd7 6.e3 Qa5 7.cxd5 exd5 8.Bd3 Ne4
9.Qc2 Nxg5 10.Nxg5 h6 11.Nf3 Bd6 12.g4 Nf6 13.h3 Be6 14.Nh4 O-O-O 15.Nf5 Bf8
16.O-O-O h5 17.g5  1/2-1/2

[Event "SVK-ch"]
[Site "Hlohovec"]
[Date "1975.??.??"]
[Round "10"]
[White "Kozma, Julius"]
[Black "Sturc, Jan"]
[Result "1-0"]
[WhiteElo "2380"]
[BlackElo "2200"]

1.Nf3 d5 2.c4 Nf6 3.cxd5 Nxd5 4.d4 Bf5 5.Nbd2 Nf6 6.Qb3 Qc8 7.g3 e6 8.Bg2 c6
9.O-O Be7 10.Ne5 Nbd7 11.e4 Bg6 12.Nxg6 hxg6 13.Nc4 b5 14.Ne3 Rb8 15.Bd2 c5
16.Rac1 c4 17.Qd1 Qa6 18.e5 Nh7 19.a4 bxa4 20.Rxc4 Rxb2 21.Rxa4 Qd3 22.Bc1 Qxd1
23.Rxd1 Rb8 24.Rxa7 Rc8 25.Bd2 f6 26.Bb7 Rc7 27.Ba5 Rxb7 28.Rxb7 Ng5 29.Rc1 Bd8  1-0

[Event "DSV-Turnier"]
[Site "Leipzig"]
[Date "1975.??.??"]
[Round "14"]
[White "Kozma, Julius"]
[Black "Mueller, Klaus Uwe"]
[Result "1-0"]
[WhiteElo "2380"]
[BlackElo "2470"]

1.Nf3 d5 2.c4 e6 3.d4 c5 4.e3 Nf6 5.Nc3 Nc6 6.a3 dxc4 7.Bxc4 a6 8.O-O b5
9.Ba2 Bb7 10.Qe2 cxd4 11.Rd1 Be7 12.exd4 O-O 13.d5 exd5 14.Nxd5 Nxd5 15.Bxd5 Qc7
16.Qe4 Na5 17.Bxb7 Nxb7 18.Bf4 Bd6 19.Rac1 Qb8 20.Ng5 g6 21.Rxd6 Nxd6 22.Qd5 Qb7
23.Qxd6 Rac8 24.Rxc8 Rxc8 25.h4 Rc6 26.Qd8+ Kg7 27.Bd6  1-0

[Event "Lone Pine"]
[Site "Lone Pine"]
[Date "1975.??.??"]
[Round "5"]
[White "Dake, Arthur William"]
[Black "Pilnik, Herman"]
[Result "0-1"]
[WhiteElo "2360"]
[BlackElo "2435"]

1.Nf3 d5 2.c4 e6 3.g3 dxc4 4.Qa4+ Nd7 5.Bg2 a6 6.Qxc4 b5 7.Qc2 Bb7 8.O-O Ngf6
9.d3 c5 10.a4 Be7 11.axb5 axb5 12.Rxa8 Qxa8 13.Na3 Qa6 14.Qb3 b4 15.Nc4 O-O
16.Nfe5 Bxg2 17.Kxg2 Ra8 18.f4 Nxe5 19.Nxe5 Bd6 20.Nc4 Bf8 21.e4 Rd8 22.Rf3 Ne8
23.f5 Nc7 24.g4 Nb5 25.Be3 exf5 26.gxf5 Qf6 27.Qa4 Nd4 28.Bxd4 Rxd4 29.Qe8 h5
30.b3 h4 31.Kh3 Rd8 32.Qe5 Qg5 33.Qa1 Be7 34.Qf1 Ra8 35.Rf2 Qh6 36.e5 f6
37.e6 Rd8 38.Rg2 Qh5 39.Rg4 Rd5 40.Rxh4 Qxf5+ 41.Qxf5 Rxf5 42.Kg2 Rd5 43.Rh3 g6
44.Re3 Kg7 45.Nb6 Rd8 46.Nd7 Ra8 47.Re2 Ra3 48.Nxc5 Bxc5 49.e7 Bxe7 50.Rxe7+ Kh6
51.d4 Rxb3 52.d5 Rd3 53.Rb7 Rxd5 54.Rxb4 Kh5 55.Rb3 Rd4 56.Rb6 f5 57.Rf6 Rd5
58.Kf3 Kg5 59.Rb6 Rd3+ 60.Kg2 Ra3 61.Rc6 f4 62.h4+ Kh5 63.Rf6 Rg3+ 64.Kf2 Rg4
65.Kf3 Rxh4 66.Rxf4 Rxf4+ 67.Kxf4 Kh4 68.Kf3 g5 69.Kg2 Kg4 70.Kh2 Kf3 71.Kh3 g4+
72.Kh2 Kf2 73.Kh1 Kg3 74.Kg1 Kh3  0-1